Регионална библиотека "Любен Каравелов" - Русе

СВЧ полупроводникови прибори и приложението им (Запис номер 59870)

MARC детайли
000 -Лидер
Контролно поле с фиксирана дължина nam a22 a 4500
003 - Код на организацията, давaща контролен номер
Контролно поле BLK
005 - Дата и час на последна редакция
Контролно поле 20221216084216.0
008 - Елементи от данни с фиксирана дължина
fixed length control field 180408b bul|||||r ||||||| ||bul||
010 ## - Наследен системен номер
LC control number KNG00063997000
040 ## - Източник на каталожния запис
Идентификатор на билиотеката - собственик на записа BLK
041 ## - Код за език
Код за езика на текст/звукозапис или на отделно заглавие Български
Код за езика КДБФ Български
080 ## - УДК
Текстов определител УДК Полупроводникова електроника. Микроелектроника. Тиристори, интегрални схеми,микропроцесори и др.Вж и 537.31
УДК код - определител по УДК 621.382
УДК определител (035)
УДК - код + определител 621.382(035)
100 1# - Редна дума - Автор
Автор Градинаров, Петко Г.
Авторска отговорност първи автор
R(LIN) 289345
139 ## - Редно поле
Редна дума Градинаров, Петко Г.
Авторски знак Град - Г 75
245 10 - Сведения за заглавието
Заглавие СВЧ полупроводникови прибори и приложението им
Подзаглавни данни Ръководство
Редно поле (дума) Петко Г. Градинаров.
257 ## - Страна на издаване
Страна на създаване/издаване България
260 ## - Област на издателските данни
Име на издателя, разпространителя и проч. Техника
Година на издаване 1981
Печатница Враца : В. Александров
Място на издаване, разпространение и проч. София
300 ## - Физическа характеристика
Страници 296 с.
Илюстрации и др. със сх., диагр.
Размери/Мащаб 20 см
380 ## - Жанр
Жанр Техника
490 ## - СЕРИИ (Колекции)
Име на серия Нови технологии и изделия
9 (RLIN) 204200
500 ## - Общи забележки
Забележка Библиогр. с. 291-293.
504 ## - Забележка за наличие на библиография и др
Забележка за наличие на библиография и под. 291-293
650 #4 - Допълнително описание по предмет – тема
Основно описание – тема или топоним Полупроводникови уреди
9 (RLIN) 248532
650 #4 - Допълнително описание по предмет – тема
Основно описание – тема или топоним Триоди, полупроводници
9 (RLIN) 275623
650 #4 - Допълнително описание по предмет – тема
Основно описание – тема или топоним Диоди, полупроводникови
9 (RLIN) 153484
653 ## - Ключова дума – ненормативна
Ключова дума полупроводникови уреди
653 ## - Ключова дума – ненормативна
Ключова дума триоди
653 ## - Ключова дума – ненормативна
Ключова дума диоди
852 ## - Местоположение
Форматна сигнатура Цб 107839
Фондова буква Хранилище
856 4# - Електронен адрес и достъп
Електронен формат pdf - файл
Инструкция (цена за достъп) 0.00
Права за достъп disable
856 4# - Електронен адрес и достъп
Електронен формат pdf - файл
Инструкция (цена за достъп) 0.00
Права за достъп disable
999 ## - СИСТЕМНИ КОНТРОЛНИ НОМЕРА
Koha biblionumber 59870
Koha biblioitemnumber 59870
942 ## - АРТИКУЛИ
Вид на библиотечния материал Книги
Скрит в OPAC Не
Периодичен библиозапис Да
944 ## - СЪЗДАВАНЕ И РЕДАКЦИЯ на ЗАПИСА
Създаване/Редакция Създаване
Дата на регистрацията/редакция 13.06.2004
Служител, извършил регистрацията/редакцията Наталия_Медовщикова
944 ## - СЪЗДАВАНЕ И РЕДАКЦИЯ на ЗАПИСА
Създаване/Редакция Редакция
Дата на регистрацията/редакция 15.05.2009
944 ## - СЪЗДАВАНЕ И РЕДАКЦИЯ на ЗАПИСА
Създаване/Редакция Редакция
Дата на регистрацията/редакция 2022-12-16
999 ## - СИСТЕМНИ КОНТРОЛНИ НОМЕРА
Koha biblioitemnumber 59870
Наличности
Код за отписване Код за изгубен артикул Източник на класификационната схема Код за повреда Коз за рестрикции Код за отдаване Артикулен № Име на библиотеката - собственик Име на библиотеката, в която се намира в момента Статус (Текущо местоположение) Дата на вписване в системата Местоположение - отдел Цена в лева Инвентарен номер Систематично азбучна сигнатура Баркод Номер на екземпляра Цена в евро Служебна бележка Служебен тип на артикула
Изтеглен Не е изгубен Universal Decimal Classification Не е повреден без рестрикции заемане за дома 97983 Регионална библиотека "Любен Каравелов" Русе Регионална библиотека "Любен Каравелов" Русе Заемна - подръчен фонд 1981-01-01 Заемна - подръчен фонд 2.37 325491 621.382/Г 75 325491 1 1.21 Дост: Dp Вид: Д N: стар фонд Дата: 01.01.1981 Книги
  Не е изгубен Universal Decimal Classification Не е повреден само за читалня ползва се в читалня 810440 Регионална библиотека "Любен Каравелов" Русе Регионална библиотека "Любен Каравелов" Русе Хранилище 2021-02-04 Хранилище 2.37 323628 Цб 107839 120000323628   1.21   Книги
Vip Innovations Ltd, Rousse, Bulgaria 2025